Ohodnocovanie na európskej a medzinárodnej úrovni

História a hlavné motívy vzniku medzinárodných a európskych štandardov. Európska skupina asociácií ohodnocovateľov - TEGOVA. Hlavné ciele pôsobnosti TEGOVA. Subjekty a členstvo v TEGOVA. Európske ohodnocovacie štandardy. Medzinárodné ohodnocovanie. Rada pre medzinárodné ohodnocovacie štandardy - IVS...

Ausführliche Beschreibung

Gespeichert in:
Bibliographische Detailangaben
1. Verfasser: Littvová, Veronika
Format: Buchkapitel
Sprache:Slowakisch
Schlagworte:
Tags: Tag hinzufügen
Keine Tags, Fügen Sie das erste Tag hinzu!

MARC

LEADER 00000nla$a2200000$$$4500
001 0109050
005 20240502072214.1
041 0 |a slo 
044 |a SK 
245 1 0 |a Ohodnocovanie na európskej a medzinárodnej úrovni  |c Veronika Littvová 
520 |a História a hlavné motívy vzniku medzinárodných a európskych štandardov. Európska skupina asociácií ohodnocovateľov - TEGOVA. Hlavné ciele pôsobnosti TEGOVA. Subjekty a členstvo v TEGOVA. Európske ohodnocovacie štandardy. Medzinárodné ohodnocovanie. Rada pre medzinárodné ohodnocovacie štandardy - IVSC. Medzinárodné ohodnocovacie štandardy. 
610 2 0 |a oceňovanie 
610 2 0 |a ohodnocovanie podniku 
610 2 0 |a majetok 
610 2 0 |a výkazy finančné 
610 2 0 |a štandardy ohodnocovacie medzinárodné 
610 2 0 |a organizácie medzinárodné 
610 2 0 |a harmonizácia 
100 1 |a Littvová, Veronika